| 000 | 00714nam a22002057a 4500 | ||
|---|---|---|---|
| 003 | BD-DhUL | ||
| 005 | 20211107130017.0 | ||
| 008 | 210928s2021 bg ||||| |||| 00| 0 ben | ||
| 020 | _a9789847766676 (hbk) | ||
| 040 |
_aBD-DhUL _cBD-DhUL |
||
| 082 |
_a891.44 _bHAE |
||
| 100 | 1 | _aহক, সৈয়দ শামসুল | |
| 245 | 0 | 0 |
_aএকাত্তরের বিজয়গাথা / _cসৈয়দ শামসুল হক । |
| 260 |
_aঢাকা : _bঐতিহ্য, _c২০২১ । |
||
| 300 |
_a১১২ পৃ. ; _c২২ সেমি. |
||
| 365 |
_aBDT _b210.00 |
||
| 650 | 4 | _aবাংলা সাহিত্য । | |
| 650 | 4 | _aBengali literature. | |
| 942 |
_2ddc _cBK |
||
| 999 |
_c254548 _d254548 |
||